<?xml version="1.0" encoding="UTF-8"?>
<record
    xmlns:xsi="http://www.w3.org/2001/XMLSchema-instance"
    xsi:schemaLocation="http://www.loc.gov/MARC21/slim http://www.loc.gov/standards/marcxml/schema/MARC21slim.xsd"
    xmlns="http://www.loc.gov/MARC21/slim">

  <leader>01336nam a2200217   4500</leader>
  <controlfield tag="001">113508</controlfield>
  <controlfield tag="003">DR-UNIBE</controlfield>
  <controlfield tag="005">20250429091746.0</controlfield>
  <controlfield tag="008">250428b2006    cl ||||| |||| 00| 0 spa d</controlfield>
  <datafield tag="040" ind1=" " ind2=" ">
    <subfield code="a">BIBLIOTECA UNIBE</subfield>
    <subfield code="c">BIBLIOTECA UNIBE</subfield>
    <subfield code="b">spa</subfield>
    <subfield code="e">rda</subfield>
  </datafield>
  <datafield tag="041" ind1=" " ind2=" ">
    <subfield code="a">spa</subfield>
  </datafield>
  <datafield tag="082" ind1=" " ind2=" ">
    <subfield code="2">22</subfield>
    <subfield code="a">342.983 R426c</subfield>
  </datafield>
  <datafield tag="110" ind1="1" ind2="0">
    <subfield code="a">Rep&#xFA;blica de Chile. Constituci&#xF3;n</subfield>
    <subfield code="9">194658</subfield>
  </datafield>
  <datafield tag="245" ind1="1" ind2="0">
    <subfield code="a">Constituci&#xF3;n pol&#xED;tica de la Rep&#xFA;blica de Chile </subfield>
  </datafield>
  <datafield tag="250" ind1=" " ind2=" ">
    <subfield code="a">Edici&#xF3;n para estudiantes de derecho</subfield>
  </datafield>
  <datafield tag="260" ind1=" " ind2=" ">
    <subfield code="a">Santiago de Chile :</subfield>
    <subfield code="b">LexisNexis, </subfield>
    <subfield code="c">2006</subfield>
  </datafield>
  <datafield tag="300" ind1=" " ind2=" ">
    <subfield code="a">83 p&#xE1;ginas : </subfield>
    <subfield code="c">20 x 13 cm</subfield>
  </datafield>
  <datafield tag="505" ind1=" " ind2=" ">
    <subfield code="a">Cap&#xED;tulo I. Bases de institucionalidad |
Cap&#xED;tulo II. Nacionalidad y ciudadan&#xED;a |
Cap&#xED;tulo III. De los derechos y deberes constitucionales |
Cap&#xED;tulo IV. Gobierno |
Cap&#xED;tulo V. Congreso Nacional |
Cap&#xED;tulo VI. Poder Judicial |
Cap&#xED;tulo VII. Ministerio p&#xFA;blico |
Cap&#xED;tulo VIII. Tribunal Constitucional |
Cap&#xED;tulo IX. Justicia electoral |
Cap&#xED;tulo X. Contralor&#xED;a General de la Rep&#xFA;blica |
Cap&#xED;tulo XI. Fuerzas Armadas, de Orden y Seguridad P&#xFA;blica |
Cap&#xED;tulo XII. Consejo de Seguridad Nacional |
Cap&#xED;tulo XIII. Banco Central |
Cap&#xED;tulo XIV. Gobierno y Administraci&#xF3;n Interior del Estado |
Cap&#xED;tulo XV. Reforma de la Constituci&#xF3;n  </subfield>
  </datafield>
  <datafield tag="651" ind1=" " ind2="7">
    <subfield code="a">Rep&#xFA;blica de Chile</subfield>
    <subfield code="x">Constituci&#xF3;n</subfield>
    <subfield code="9">194661</subfield>
  </datafield>
  <datafield tag="942" ind1=" " ind2=" ">
    <subfield code="2">ddc</subfield>
    <subfield code="c">BK</subfield>
  </datafield>
  <datafield tag="999" ind1=" " ind2=" ">
    <subfield code="c">113508</subfield>
    <subfield code="d">113508</subfield>
  </datafield>
  <datafield tag="952" ind1=" " ind2=" ">
    <subfield code="0">0</subfield>
    <subfield code="1">0</subfield>
    <subfield code="2">ddc</subfield>
    <subfield code="7">0</subfield>
    <subfield code="8">GEN</subfield>
    <subfield code="a">Principal</subfield>
    <subfield code="d">2025-04-01</subfield>
    <subfield code="l">0</subfield>
    <subfield code="o">342.983 R426c</subfield>
    <subfield code="p">250365</subfield>
    <subfield code="r">2025-04-28 16:44:53</subfield>
    <subfield code="t">Ej. 1</subfield>
    <subfield code="w">2025-04-28</subfield>
    <subfield code="y">BK</subfield>
  </datafield>
</record>
